انوار القران (Record no. 553888)
[ view plain ]
| 000 -LEADER | |
|---|---|
| fixed length control field | 00397nam a22001337a 4500 |
| 082 ## - DEWEY DECIMAL CLASSIFICATION NUMBER | |
| Classification number | 297.1227 |
| Author Mark | MUR |
| -- | M |
| 100 ## - MAIN ENTRY--PERSONAL NAME | |
| Personal name | Murtaza, Dr Malik Ghulum |
| 9 (RLIN) | 51132 |
| 245 ## - TITLE STATEMENT | |
| Title | انوار القران |
| 260 ## - PUBLICATION, DISTRIBUTION, ETC. | |
| Place of publication, distribution, etc. | Rawalpindi, |
| Name of publisher, distributor, etc. | Army education publishing house, |
| Date of publication, distribution, etc. | 2009. |
| 300 ## - PHYSICAL DESCRIPTION | |
| Extent | 982p.175p. |
| 526 ## - STUDY PROGRAM INFORMATION NOTE | |
| Program name | 0 |
| Interest level | 0 |
| Reading level | 0 |
| Title point value | 297_122700000000000_MUR |
| 526 ## - STUDY PROGRAM INFORMATION NOTE | |
| Program name | 0 |
| Interest level | 0 |
| Reading level | 0 |
| Title point value | 297_122700000000000_MUR |
| 942 ## - ADDED ENTRY ELEMENTS (KOHA) | |
| Source of classification or shelving scheme | |
| Koha item type | Book |
| Withdrawn status | Lost status | Source of classification or shelving scheme | Damaged status | Not for loan | Permanent Location | Current Location | Date acquired | Total Checkouts | Full call number | Barcode | Date last seen | Price effective from | Koha item type | Public note |
|---|---|---|---|---|---|---|---|---|---|---|---|---|---|---|
| Military College of Engineering (MCE) | Military College of Engineering (MCE) | 05/31/2017 | 297.1227 MUR | MCE-174M | 05/31/2017 | 05/31/2017 | Book | حصہ اول | ||||||
| Military College of Engineering (MCE) | Military College of Engineering (MCE) | 05/31/2017 | 297.1227 MUR | MCE-175M | 05/31/2017 | 05/31/2017 | Book | حصہ دوم |
